Los cromosomas (Record no. 133253)
[ view plain ]
| 000 -LEADER | |
|---|---|
| campo de control de longitud fija | 00697nam a2200217 4500 |
| 001 - NÚMERO DE CONTROL | |
| campo de control | 133253 |
| 003 - IDENTIFICADOR DE NÚMERO DE CONTROL | |
| campo de control | ES-MaACL |
| 005 - FECHA Y HORA DE LA ÚLTIMA TRANSACCIÓN | |
| campo de control | 20230906194346.0 |
| 007 - CAMPO FIJO DE DESCRIPCIÓN FÍSICA--INFORMACIÓN GENERAL | |
| campo de control de longitud fija | t| |
| 008 - DATOS DE LONGITUD FIJA--INFORMACIÓN GENERAL | |
| campo de control de longitud fija | 070214s1945 ag r ||||1| spa d |
| 100 1# - ENTRADA PRINCIPAL--NOMBRE DE PERSONA | |
| Nombre de persona | Rostand, Jean. |
| 9 (RLIN) | 99922 |
| 245 14 - MENCIÓN DEL TÍTULO | |
| Título | Los cromosomas |
| Resto del título | : artesanos del sexo y de la herencia / |
| Mención de responsabilidad, etc. | Jean Rostand ; prólogo de Desiderio Papp ; traducción de Alberto L. Merani. |
| 260 ## - PUBLICACIÓN, DISTRIBUCIÓN, ETC. | |
| Lugar de publicación, distribución, etc. | Buenos Aires : |
| Nombre del editor, distribuidor, etc. | Ed. del Tridente, |
| Fecha de publicación, distribución, etc. | 1945. |
| 300 ## - DESCRIPCIÓN FÍSICA | |
| Extensión | 282 p. ; |
| Dimensiones | 21 cm. |
| 490 1# - MENCIÓN DE SERIE | |
| Mención de serie | Palas Atenea |
| 700 1# - ENTRADA AGREGADA--NOMBRE PERSONAL | |
| Nombre de persona | Papp, Desiderio. |
| 9 (RLIN) | 88881 |
| 700 1# - ENTRADA AGREGADA--NOMBRE PERSONAL | |
| Nombre de persona | Merani, Alberto L. |
| 9 (RLIN) | 80403 |
| 830 0# - PUNTO DE ACCESO ADICIONAL DE SERIE-TÍTULO UNIFORME | |
| Título uniforme | Palas Atenea |
| 9 (RLIN) | 219714 |
| 852 ## - LOCALIZACIÓN | |
| Ubicación | ES-MaACL |
| Número de control de estantería | A-493 |
| Sublocalización o colección | R.22646 |
| Estatus retirado | Estado de pérdida | Estado de daño | No para préstamo | Biblioteca de origen | Biblioteca actual | Ubicación en estantería | Fecha de adquisición | Fuente de adquisición | Total de préstamos | Signatura topográfica completa | Código de barras | Visto por última vez | Precio de reemplazo | Tipo de ítem Koha |
|---|---|---|---|---|---|---|---|---|---|---|---|---|---|---|
| Biblioteca del Ateneo de Madrid | Biblioteca del Ateneo de Madrid | Sala Pecera Planta 1 | 17/01/2008 | A-493 | 1138719 | 23/02/2023 | 23/02/2023 | Libro impreso |
